Rethinking agency : (Record no. 76372)

MARC details
000 -LEADER
fixed length control field 00578nam a22001817a 4500
005 - DATE AND TIME OF LATEST TRANSACTION
control field 20130618125053.0
010 ## - LCCN (DPL NO)
LC control number ENG-107483
020 ## - INTERNATIONAL STANDARD BOOK NUMBER
International Standard Book Number 9780415811927
Terms of availability 695.00
035 ## - SYSTEM CONTROL NUMBER
System control number EN-91016
037 ## - SOURCE OF ACQUISITION
Source of stock number/acquisition DBAD/PUB
100 ## - MAIN ENTRY--PERSONAL NAME
Personal name Madhok, Sumi
245 ## - TITLE STATEMENT
Title Rethinking agency :
Statement of responsibility, etc by Sumi Madhok
Remainder of title developmentalism, gender and rights /
260 ## - PUBLICATION, DISTRIBUTION, ETC. (IMPRINT)
Place of publication, distribution, etc New Delhi
Name of publisher, distributor, etc Routledge
Date of publication, distribution, etc 2013
270 ## - ADDRESS
Address 912Tolstoy House, 15-17 Tolstoy Marg, Connaught Place
City New Delhi
Postal code 110001
300 ## - PHYSICAL DESCRIPTION
Extent xvi,237p.
Dimensions 23cm(Hb)
500 ## - GENERAL NOTE
General note Includes bibliographical references and index
942 ## - ADDED ENTRY ELEMENTS (KOHA)
Source of classification or shelving scheme Dewey Decimal Classification
Item type English Books
Call number suffix MAD
Holdings
Withdrawn status Lost status Not for loan Collection code Home library Current library Date acquired Source of acquisition Cost, normal purchase price Full call number Barcode Copy number Cost, replacement price Koha item type
    Not For Loan Non-fiction D.B.Act.Division D.B.Act.Division 30/05/2013 DBAD/PUB 695.00 MAD EN-91016 1 695.00 English Books

© Delhi Public Library
Hit Counter
free hit counter